| 000 | 00697cab a2200193 4500 | ||
|---|---|---|---|
| 001 | ##L135097 | ||
| 008 | 060925n2006 000 0 eng u | ||
| 035 | _a(Sirsi) u135097 | ||
| 041 | 0 | _aeng | |
| 100 | 1 | _aMulcahey, Hugh | |
| 245 | 0 | 0 | _aDesks of despair |
| 260 | _c2006 | ||
| 490 | 0 |
_aProperty Week _v71(38) 22 September 2006, 72-73(2) |
|
| 520 | _aExamines the problems which can be associated with hot desking, including desks which are badly maintained and inappropriately located, and staff feeling isolated and finding it difficult to integrate into the organisation. | ||
| 590 | _aIKA031006 | ||
| 651 | 4 |
_aUnited Kingdom _y |
|
| 690 | _aMANAGEMENT-BUSINESS MANAGEMENT | ||
| 942 | _n0 | ||
| 999 |
_c77780 _d77780 |
||